[Event "DEM U8w 2025"]
[Site "Willingen GER"]
[Date "2025.06.11"]
[Round "2"]
[White "Romberg, Lene"]
[Black "Sydykova, Zarema"]
[Result "0-1"]
[Termination "normal"]
[Board "1"]
[WhiteElo "876"]
[BlackElo "1141"]
[WhiteClock "00:41:48"]
[BlackClock "00:58:27"]
[PlyCount "102"]
[EventCountry "GER"]
[EventRounds "7"]
[EventType "swiss"]
[EventDate "2025.06.10"]

1. e4 {[%clk 01:00:28]} {[%emt 00:00:01]} e5 {[%clk 01:00:26]} {[%emt
00:00:04]} 2. Nf3 {[%clk 01:00:28]} {[%emt 00:00:15]} Nc6 {[%clk 01:00:38]}
{[%emt 00:00:03]} 3. Nc3 {[%clk 01:00:22]} {[%emt 00:00:20]} Nf6 {[%clk
01:00:49]} {[%emt 00:00:05]} 4. Bb5 {[%clk 01:00:15]} {[%emt 00:00:23]} Bd6
{[%clk 01:00:11]} {[%emt 00:00:53]} 5. d3 {[%clk 00:59:56]} {[%emt 00:00:32]}
h6 {[%clk 01:00:19]} {[%emt 00:00:08]} 6. Be3 {[%clk 00:59:19]} {[%emt
00:00:52]} O-O {[%clk 01:00:24]} {[%emt 00:00:10]} 7. O-O {[%clk 00:59:16]}
{[%emt 00:00:13]} a6 {[%clk 01:00:34]} {[%emt 00:00:10]} 8. Bxc6 {[%clk
00:59:16]} {[%emt 00:00:14]} dxc6 {[%clk 01:00:40]} {[%emt 00:00:09]} 9. d4
{[%clk 00:58:48]} {[%emt 00:00:43]} exd4 {[%clk 01:00:40]} {[%emt 00:00:16]}
10. Bxd4 {[%clk 00:58:41]} {[%emt 00:00:23]} Be7 {[%clk 01:00:31]} {[%emt
00:00:21]} 11. h3 {[%clk 00:58:09]} {[%emt 00:00:49]} c5 {[%clk 01:00:29]}
{[%emt 00:00:18]} 12. Be5 {[%clk 00:57:37]} {[%emt 00:00:46]} c6 {[%clk
01:00:25]} {[%emt 00:00:20]} 13. Qxd8 {[%clk 00:56:48]} {[%emt 00:01:02]} Rxd8
{[%clk 01:00:17]} {[%emt 00:00:24]} 14. Rad1 {[%clk 00:56:28]} {[%emt
00:00:35]} Be6 {[%clk 00:59:59]} {[%emt 00:00:33]} 15. Rd3 {[%clk 00:55:58]}
{[%emt 00:00:45]} Bc4 {[%clk 00:59:58]} {[%emt 00:00:16]} 16. Rxd8+ {[%clk
00:55:33]} {[%emt 00:00:40]} Rxd8 {[%clk 01:00:01]} {[%emt 00:00:11]} 17. Rd1
{[%clk 00:55:26]} {[%emt 00:00:23]} Rxd1+ {[%clk 01:00:05]} {[%emt 00:00:11]}
18. Nxd1 {[%clk 00:55:22]} {[%emt 00:00:18]} Nxe4 {[%clk 00:59:27]} {[%emt
00:00:54]} 19. Ne3 {[%clk 00:54:56]} {[%emt 00:00:41]} Be2 {[%clk 00:59:18]}
{[%emt 00:00:24]} 20. Ne1 {[%clk 00:53:37]} {[%emt 00:01:35]} f6 {[%clk
00:58:21]} {[%emt 00:01:12]} 21. Bf4 {[%clk 00:52:10]} {[%emt 00:01:40]} g5
{[%clk 00:58:13]} {[%emt 00:00:23]} 22. Bc7 {[%clk 00:51:21]} {[%emt 00:01:05]}
Nd6 {[%clk 00:57:12]} {[%emt 00:01:16]} 23. Bxd6 {[%clk 00:50:44]} {[%emt
00:00:51]} Bxd6 {[%clk 00:57:16]} {[%emt 00:00:11]} 24. Nf5 {[%clk 00:50:31]}
{[%emt 00:00:29]} Bf8 {[%clk 00:57:21]} {[%emt 00:00:10]} 25. Nf3 {[%clk
00:49:49]} {[%emt 00:00:57]} Bxf3 {[%clk 00:57:26]} {[%emt 00:00:10]} 26. gxf3
{[%clk 00:49:50]} {[%emt 00:00:14]} Kf7 {[%clk 00:57:29]} {[%emt 00:00:11]} 27.
Kf1 {[%clk 00:49:02]} {[%emt 00:01:04]} Ke6 {[%clk 00:57:31]} {[%emt 00:00:14]}
28. Ng3 {[%clk 00:48:37]} {[%emt 00:00:39]} c4 {[%clk 00:57:33]} {[%emt
00:00:14]} 29. Ke2 {[%clk 00:48:10]} {[%emt 00:00:42]} Bd6 {[%clk 00:57:27]}
{[%emt 00:00:20]} 30. Ke3 {[%clk 00:48:00]} {[%emt 00:00:25]} Bxg3 {[%clk
00:57:28]} {[%emt 00:00:14]} 31. fxg3 {[%clk 00:48:02]} {[%emt 00:00:14]} c5
{[%clk 00:57:30]} {[%emt 00:00:13]} 32. Ke4 {[%clk 00:47:48]} {[%emt 00:00:28]}
f5+ {[%clk 00:57:31]} {[%emt 00:00:15]} 33. Ke3 {[%clk 00:47:44]} {[%emt
00:00:18]} Ke5 {[%clk 00:57:33]} {[%emt 00:00:13]} 34. f4+ {[%clk 00:47:22]}
{[%emt 00:00:37]} gxf4+ {[%clk 00:57:33]} {[%emt 00:00:14]} 35. gxf4+ {[%clk
00:47:08]} {[%emt 00:00:30]} Kd5 {[%clk 00:57:37]} {[%emt 00:00:12]} 36. h4
{[%clk 00:46:43]} {[%emt 00:00:39]} h5 {[%clk 00:57:42]} {[%emt 00:00:10]} 37.
c3 {[%clk 00:46:01]} {[%emt 00:00:57]} b5 {[%clk 00:57:30]} {[%emt 00:00:27]}
38. b3 {[%clk 00:45:05]} {[%emt 00:01:10]} cxb3 {[%clk 00:57:36]} {[%emt
00:00:10]} 39. axb3 {[%clk 00:45:06]} {[%emt 00:00:15]} a5 {[%clk 00:57:38]}
{[%emt 00:00:13]} 40. Kd3 {[%clk 00:43:51]} {[%emt 00:01:29]} c4+ {[%clk
00:57:40]} {[%emt 00:00:13]} 41. bxc4+ {[%clk 00:43:33]} {[%emt 00:00:33]}
bxc4+ {[%clk 00:57:44]} {[%emt 00:00:12]} 42. Ke3 {[%clk 00:42:58]} {[%emt
00:00:49]} a4 {[%clk 00:57:50]} {[%emt 00:00:10]} 43. Kd2 {[%clk 00:42:56]}
{[%emt 00:00:16]} Ke4 {[%clk 00:57:56]} {[%emt 00:00:09]} 44. Kc2 {[%clk
00:42:49]} {[%emt 00:00:23]} a3 {[%clk 00:58:03]} {[%emt 00:00:08]} 45. Kb1
{[%clk 00:42:55]} {[%emt 00:00:08]} Kd3 {[%clk 00:58:10]} {[%emt 00:00:08]} 46.
Ka2 {[%clk 00:42:51]} {[%emt 00:00:19]} Kxc3 {[%clk 00:58:15]} {[%emt
00:00:09]} 47. Kxa3 {[%clk 00:42:47]} {[%emt 00:00:20]} Kd2 {[%clk 00:58:21]}
{[%emt 00:00:09]} 48. Kb2 {[%clk 00:42:17]} {[%emt 00:00:45]} c3+ {[%clk
00:58:30]} {[%emt 00:00:06]} 49. Kb1 {[%clk 00:41:58]} {[%emt 00:00:33]} c2+
{[%clk 00:58:33]} {[%emt 00:00:14]} 50. Kb2 {[%clk 00:41:44]} {[%emt 00:00:28]}
c1=Q+ {[%clk 00:58:22]} {[%emt 00:00:10]} 51. Kb3 {[%clk 00:41:48]} {[%emt
00:00:27]} Qc3+ {[%clk 00:58:27]} 0-1

[Event "DEM U8w 2025"]
[Site "Willingen GER"]
[Date "2025.06.11"]
[Round "2"]
[White "Vescovi, Liv Linnea"]
[Black "Lytvynenko, Sofi"]
[Result "0-1"]
[Termination "normal"]
[Board "3"]
[WhiteElo "847"]
[BlackElo "1411"]
[WhiteClock "00:57:16"]
[BlackClock "00:56:03"]
[PlyCount "80"]
[WhiteFideId "533021678"]
[BlackFideId "34689761"]
[EventCountry "GER"]
[EventRounds "7"]
[EventType "swiss"]
[EventDate "2025.06.10"]

1. e4 {[%clk 01:00:29]} {[%emt 00:00:01]} c6 {[%clk 01:00:23]} {[%emt
00:00:07]} 2. Nc3 {[%clk 01:00:38]} {[%emt 00:00:06]} d5 {[%clk 01:00:31]}
{[%emt 00:00:07]} 3. Qf3 {[%clk 01:00:45]} {[%emt 00:00:07]} e6 {[%clk
01:00:17]} {[%emt 00:00:30]} 4. d4 {[%clk 01:00:39]} {[%emt 00:00:21]} Bb4
{[%clk 00:59:58]} {[%emt 00:00:34]} 5. a3 {[%clk 01:00:29]} {[%emt 00:00:25]}
Bxc3+ {[%clk 01:00:04]} {[%emt 00:00:08]} 6. Qxc3 {[%clk 01:00:29]} {[%emt
00:00:16]} Ne7 {[%clk 01:00:04]} {[%emt 00:00:16]} 7. exd5 {[%clk 01:00:24]}
{[%emt 00:00:19]} cxd5 {[%clk 00:59:56]} {[%emt 00:00:23]} 8. Bb5+ {[%clk
01:00:25]} {[%emt 00:00:14]} Nbc6 {[%clk 00:59:55]} {[%emt 00:00:17]} 9. Nf3
{[%clk 01:00:01]} {[%emt 00:00:38]} h6 {[%clk 00:59:23]} {[%emt 00:00:47]} 10.
Ne5 {[%clk 01:00:09]} {[%emt 00:00:07]} Bd7 {[%clk 00:59:26]} {[%emt 00:00:11]}
11. Nxd7 {[%clk 01:00:08]} {[%emt 00:00:17]} Qxd7 {[%clk 00:59:29]} {[%emt
00:00:12]} 12. O-O {[%clk 01:00:00]} {[%emt 00:00:23]} O-O {[%clk 00:59:36]}
{[%emt 00:00:08]} 13. Qg3 {[%clk 01:00:00]} {[%emt 00:00:10]} Nf5 {[%clk
00:59:32]} {[%emt 00:00:24]} 14. Qg4 {[%clk 00:59:54]} {[%emt 00:00:19]} Qe7
{[%clk 00:58:53]} {[%emt 00:00:55]} 15. Bd3 {[%clk 00:59:48]} {[%emt 00:00:22]}
Qf6 {[%clk 00:58:39]} {[%emt 00:00:29]} 16. Bxf5 {[%clk 00:59:41]} {[%emt
00:00:22]} Qxf5 {[%clk 00:58:44]} {[%emt 00:00:10]} 17. Qg3 {[%clk 00:59:42]}
{[%emt 00:00:13]} Qg6 {[%clk 00:58:40]} {[%emt 00:00:19]} 18. Qe3 {[%clk
00:59:39]} {[%emt 00:00:19]} Qxc2 {[%clk 00:58:27]} {[%emt 00:00:28]} 19. Qg3
{[%clk 00:59:16]} {[%emt 00:00:38]} Qg6 {[%clk 00:58:32]} {[%emt 00:00:11]} 20.
Qc3 {[%clk 00:58:51]} {[%emt 00:00:39]} Rac8 {[%clk 00:58:31]} {[%emt
00:00:16]} 21. Re1 {[%clk 00:58:52]} {[%emt 00:00:13]} Ne7 {[%clk 00:57:59]}
{[%emt 00:00:48]} 22. Re3 {[%clk 00:58:52]} {[%emt 00:00:15]} Rxc3 {[%clk
00:57:36]} {[%emt 00:00:38]} 23. Rxc3 {[%clk 00:58:54]} {[%emt 00:00:14]} Nf5
{[%clk 00:57:37]} {[%emt 00:00:13]} 24. Bf4 {[%clk 00:58:46]} {[%emt 00:00:23]}
Nxd4 {[%clk 00:57:04]} {[%emt 00:00:48]} 25. Rac1 {[%clk 00:58:45]} {[%emt
00:00:17]} Ne2+ {[%clk 00:57:07]} {[%emt 00:00:12]} 26. Kf1 {[%clk 00:58:38]}
{[%emt 00:00:20]} Nxc3 {[%clk 00:57:08]} {[%emt 00:00:14]} 27. Rxc3 {[%clk
00:58:36]} {[%emt 00:00:18]} Qb1+ {[%clk 00:56:56]} {[%emt 00:00:27]} 28. Ke2
{[%clk 00:58:36]} {[%emt 00:00:16]} Qxb2+ {[%clk 00:56:54]} {[%emt 00:00:17]}
29. Bd2 {[%clk 00:58:29]} {[%emt 00:00:21]} d4 {[%clk 00:56:13]} {[%emt
00:00:57]} 30. Kd3 {[%clk 00:58:01]} {[%emt 00:00:42]} dxc3 {[%clk 00:56:15]}
{[%emt 00:00:13]} 31. Bxc3 {[%clk 00:58:04]} {[%emt 00:00:13]} Qb5+ {[%clk
00:56:07]} {[%emt 00:00:22]} 32. Kc2 {[%clk 00:57:57]} {[%emt 00:00:21]} Rc8
{[%clk 00:56:02]} {[%emt 00:00:21]} 33. Kd2 {[%clk 00:57:53]} {[%emt 00:00:19]}
Qc4 {[%clk 00:55:56]} {[%emt 00:00:21]} 34. Be5 {[%clk 00:57:23]} {[%emt
00:00:42]} Qd5+ {[%clk 00:56:01]} {[%emt 00:00:13]} 35. Ke3 {[%clk 00:57:22]}
{[%emt 00:00:16]} Qxe5+ {[%clk 00:55:54]} {[%emt 00:00:22]} 36. Kd3 {[%clk
00:57:16]} {[%emt 00:00:21]} Rc3+ {[%clk 00:55:49]} {[%emt 00:00:20]} 37. Kd2
{[%clk 00:57:16]} {[%emt 00:00:14]} Qd4+ {[%clk 00:55:54]} {[%emt 00:00:10]}
38. Ke2 {[%clk 00:57:16]} {[%emt 00:00:15]} Rxa3 {[%clk 00:55:58]} {[%emt
00:00:11]} 39. Ke1 {[%clk 00:57:20]} {[%emt 00:00:12]} Qb2 {[%clk 00:55:57]}
{[%emt 00:00:16]} 40. Kd1 {[%clk 00:57:16]} {[%emt 00:00:17]} Ra1# {[%clk
00:56:03]} {[%emt 00:00:11]} 0-1

[Event "DEM U8w 2025"]
[Site "Willingen GER"]
[Date "2025.06.11"]
[Round "2"]
[White "Murrau, Adela"]
[Black "Wranik, Tabea"]
[Result "0-1"]
[Termination "normal"]
[Board "4"]
[WhiteElo "991"]
[BlackElo "767"]
[WhiteClock "00:52:09"]
[BlackClock "00:38:22"]
[PlyCount "122"]
[EventCountry "GER"]
[EventRounds "7"]
[EventType "swiss"]
[EventDate "2025.06.10"]

1. e4 {[%emt 00:00:10]} c5 {[%clk 01:00:23]} 2. Nf3 {[%emt 00:00:23]} Nc6
{[%clk 01:00:24]} {[%emt 00:00:06]} 3. Bc4 {[%clk 01:00:32]} {[%emt 00:00:09]}
d6 {[%clk 01:00:18]} {[%emt 00:00:22]} 4. Ng5 {[%clk 01:00:01]} {[%emt
00:00:46]} e6 {[%emt 00:00:28]} 5. d3 {[%clk 00:59:56]} {[%emt 00:00:17]} Nf6
{[%clk 00:59:59]} {[%emt 00:00:22]} 6. Nc3 {[%clk 00:59:41]} {[%emt 00:00:31]}
h6 {[%clk 00:59:40]} {[%emt 00:00:34]} 7. Nf3 {[%clk 00:59:42]} {[%emt
00:00:14]} g6 {[%clk 00:58:40]} {[%emt 00:01:15]} 8. O-O {[%clk 00:59:33]}
{[%emt 00:00:23]} Bg7 {[%clk 00:58:43]} {[%emt 00:00:13]} 9. Bf4 {[%clk
00:59:04]} {[%emt 00:00:44]} O-O {[%clk 00:58:12]} {[%emt 00:00:47]} 10. Qe2
{[%clk 00:58:51]} {[%emt 00:00:27]} Bd7 {[%clk 00:58:07]} {[%emt 00:00:20]} 11.
Bxd6 {[%clk 00:58:22]} {[%emt 00:00:44]} Re8 {[%emt 00:01:06]} 12. Bxc5 {[%clk
00:58:05]} {[%emt 00:00:28]} b6 {[%emt 00:00:18]} 13. Ba3 {[%clk 00:57:57]}
{[%emt 00:00:20]} Qc7 {[%clk 00:56:55]} {[%emt 00:00:41]} 14. d4 {[%clk
00:57:15]} {[%emt 00:00:57]} e5 {[%clk 00:55:43]} {[%emt 00:01:22]} 15. dxe5
{[%emt 00:00:25]} Nxe5 {[%clk 00:55:35]} {[%emt 00:00:13]} 16. Nxe5 {[%clk
00:57:24]} {[%emt 00:00:08]} Qxe5 {[%clk 00:55:43]} {[%emt 00:00:09]} 17. h3
{[%clk 00:57:13]} {[%emt 00:00:26]} a5 {[%clk 00:55:06]} {[%emt 00:00:53]} 18.
Qe3 {[%clk 00:56:07]} {[%emt 00:01:20]} b5 {[%clk 00:54:43]} {[%emt 00:00:39]}
19. Bd5 {[%clk 00:55:36]} {[%emt 00:00:45]} Rab8 {[%clk 00:54:22]} {[%emt
00:00:34]} 20. Ne2 {[%clk 00:55:22]} {[%emt 00:00:30]} b4 {[%clk 00:54:20]}
{[%emt 00:00:18]} 21. Bxb4 {[%clk 00:54:24]} {[%emt 00:01:13]} Rxb4 {[%clk
00:54:22]} {[%emt 00:00:14]} 22. b3 {[%clk 00:54:10]} {[%emt 00:00:29]} Bf8
{[%clk 00:54:22]} {[%emt 00:00:11]} 23. c3 {[%clk 00:53:33]} {[%emt 00:00:56]}
Bd6 {[%clk 00:54:20]} {[%emt 00:00:16]} 24. Qg3 {[%clk 00:53:25]} {[%emt
00:00:24]} Qf5 {[%emt 00:01:22]} 25. Qe3 {[%clk 00:53:29]} {[%emt 00:00:18]}
Qe5 {[%clk 00:53:05]} {[%emt 00:00:15]} 26. g3 {[%clk 00:53:35]} {[%emt
00:00:10]} Rb5 {[%clk 00:52:51]} {[%emt 00:00:25]} 27. Qxh6 {[%clk 00:53:20]}
{[%emt 00:00:34]} Nxe4 {[%clk 00:52:15]} {[%emt 00:00:52]} 28. Bxe4 {[%clk
00:53:20]} {[%emt 00:00:15]} Qxe4 {[%clk 00:51:59]} {[%emt 00:00:30]} 29. Nd4
{[%clk 00:52:58]} {[%emt 00:00:37]} Bf8 {[%clk 00:50:24]} {[%emt 00:01:51]} 30.
Qd2 {[%clk 00:52:51]} {[%emt 00:00:20]} Rd5 {[%clk 00:48:28]} {[%emt 00:02:12]}
31. Rae1 {[%clk 00:52:10]} {[%emt 00:00:54]} Qxe1 32. Rxe1 Rxe1+ {[%clk
00:45:20]} {[%emt 00:01:07]} 33. Qxe1 {[%clk 00:52:27]} {[%emt 00:00:07]} Bxh3
{[%clk 00:44:52]} {[%emt 00:00:44]} 34. Qe4 {[%clk 00:51:58]} {[%emt 00:00:44]}
Rh5 {[%clk 00:44:37]} {[%emt 00:00:30]} 35. b4 {[%clk 00:51:31]} {[%emt
00:00:42]} axb4 {[%clk 00:44:13]} {[%emt 00:00:39]} 36. cxb4 {[%clk 00:51:36]}
{[%emt 00:00:10]} Bxb4 {[%clk 00:44:18]} {[%emt 00:00:09]} 37. Qa8+ {[%clk
00:51:18]} {[%emt 00:00:34]} Bf8 {[%clk 00:44:03]} {[%emt 00:00:28]} 38. a4
{[%clk 00:51:18]} {[%emt 00:00:17]} Rc5 {[%clk 00:42:21]} {[%emt 00:01:05]} 39.
a5 {[%clk 00:51:24]} {[%emt 00:01:02]} Rc8 {[%clk 00:42:13]} {[%emt 00:00:22]}
40. Qb7 {[%clk 00:51:10]} {[%emt 00:00:29]} Rc4 {[%clk 00:41:50]} {[%emt
00:00:38]} 41. Nc6 {[%clk 00:50:52]} {[%emt 00:00:33]} Bd7 {[%clk 00:41:10]}
{[%emt 00:00:51]} 42. a6 {[%clk 00:50:55]} {[%emt 00:00:14]} Bxc6 {[%clk
00:41:18]} {[%emt 00:00:08]} 43. Qb8 {[%clk 00:50:58]} {[%emt 00:00:12]} Rb4
{[%clk 00:41:15]} {[%emt 00:00:19]} 44. Qxb4 {[%clk 00:50:37]} {[%emt
00:00:33]} Bxb4 {[%clk 00:41:07]} {[%emt 00:00:25]} 45. Kh2 {[%clk 00:50:42]}
{[%emt 00:00:11]} Kh7 {[%emt 00:00:21]} 46. Kh3 {[%emt 00:00:07]} Kh6 {[%emt
00:00:20]} 47. Kg4 {[%emt 00:00:14]} f5+ {[%clk 00:39:59]} {[%emt 00:00:21]}
48. Kf4 {[%clk 00:50:45]} {[%emt 00:00:11]} Bd6+ {[%clk 00:40:01]} {[%emt
00:00:13]} 49. Ke3 {[%clk 00:50:51]} {[%emt 00:00:10]} g5 {[%clk 00:40:01]}
{[%emt 00:00:16]} 50. Kd4 {[%clk 00:50:55]} {[%emt 00:00:10]} Kg6 {[%clk
00:39:59]} {[%emt 00:00:17]} 51. Kc4 {[%clk 00:51:01]} {[%emt 00:00:09]} Kf6
{[%clk 00:40:03]} {[%emt 00:00:11]} 52. Kd4 {[%clk 00:51:08]} {[%emt 00:00:08]}
Be5+ {[%clk 00:40:01]} {[%emt 00:00:17]} 53. Kc5 {[%clk 00:51:15]} {[%emt
00:00:08]} Bd7 {[%clk 00:39:46]} {[%emt 00:00:26]} 54. Kb6 {[%clk 00:51:14]}
{[%emt 00:00:20]} Bd4+ {[%clk 00:39:41]} {[%emt 00:00:20]} 55. Kb7 {[%clk
00:51:21]} {[%emt 00:00:08]} Ke5 {[%clk 00:39:18]} {[%emt 00:00:38]} 56. Kc7
{[%clk 00:51:17]} {[%emt 00:00:19]} Be6 {[%clk 00:39:15]} {[%emt 00:00:18]} 57.
Kb7 {[%clk 00:51:26]} {[%emt 00:00:07]} f4 {[%clk 00:39:11]} {[%emt 00:00:17]}
58. gxf4+ {[%clk 00:51:35]} {[%emt 00:00:06]} gxf4 {[%clk 00:39:18]} {[%emt
00:00:09]} 59. Kc7 {[%clk 00:51:33]} {[%emt 00:00:18]} Ke4 {[%clk 00:39:23]}
{[%emt 00:00:09]} 60. Kb7 {[%clk 00:52:00]} {[%emt 00:02:33]} Kd3 {[%clk
00:38:22]} 61. a7 {[%clk 00:52:09]} {[%emt 00:00:15]} Ke2 {[%clk 00:38:22]} 0-1

[Event "DEM U8w 2025"]
[Site "Willingen GER"]
[Date "2025.06.11"]
[Round "2"]
[White "Lesnik, Mara"]
[Black "Dobrynina, Alina"]
[Result "0-1"]
[Termination "normal"]
[Board "5"]
[WhiteElo "734"]
[BlackElo "979"]
[WhiteClock "00:58:06"]
[BlackClock "00:34:06"]
[PlyCount "78"]
[WhiteFideId "533032742"]
[EventCountry "GER"]
[EventRounds "7"]
[EventType "swiss"]
[EventDate "2025.06.10"]

1. d4 {[%clk 01:00:28]} {[%emt 00:00:02]} Nf6 {[%clk 01:00:26]} {[%emt
00:00:05]} 2. Nf3 {[%clk 01:00:31]} {[%emt 00:00:11]} g6 {[%clk 01:00:31]}
{[%emt 00:00:09]} 3. e3 {[%clk 01:00:35]} {[%emt 00:00:11]} Bg7 {[%clk
01:00:36]} {[%emt 00:00:11]} 4. Bc4 {[%clk 01:00:34]} {[%emt 00:00:15]} d5
{[%clk 01:00:40]} {[%emt 00:00:11]} 5. Bd3 {[%clk 01:00:23]} {[%emt 00:00:27]}
O-O {[%clk 01:00:37]} {[%emt 00:00:18]} 6. Ng5 {[%clk 01:00:30]} {[%emt
00:00:08]} h6 {[%clk 00:59:49]} {[%emt 00:01:03]} 7. Nf3 {[%clk 01:00:31]}
{[%emt 00:00:14]} Nc6 {[%clk 00:59:37]} {[%emt 00:00:27]} 8. Nc3 {[%clk
01:00:40]} {[%emt 00:00:06]} Bg4 {[%clk 00:58:58]} {[%emt 00:00:53]} 9. h3
{[%clk 01:00:18]} {[%emt 00:00:38]} Bd7 {[%clk 00:58:40]} {[%emt 00:00:17]} 10.
Ne5 {[%clk 01:00:29]} {[%emt 00:00:21]} Rb8 {[%clk 00:57:26]} {[%emt 00:01:28]}
11. Nb5 {[%clk 01:00:07]} {[%emt 00:00:36]} a6 {[%clk 00:56:19]} {[%emt
00:01:24]} 12. h4 {[%clk 00:59:50]} {[%emt 00:00:31]} axb5 {[%emt 00:03:36]}
13. h5 {[%clk 00:59:51]} {[%emt 00:00:01]} Nxe5 {[%clk 00:52:12]} {[%emt
00:01:13]} 14. dxe5 {[%clk 00:59:57]} {[%emt 00:00:10]} Ne4 {[%clk 00:50:07]}
{[%emt 00:02:20]} 15. Qf3 {[%clk 00:59:53]} {[%emt 00:00:17]} c6 {[%clk
00:48:19]} {[%emt 00:02:05]} 16. Bxe4 {[%clk 00:59:46]} {[%emt 00:00:22]} dxe4
{[%clk 00:48:19]} {[%emt 00:00:15]} 17. Qxe4 {[%clk 00:59:49]} {[%emt
00:00:10]} Bf5 {[%clk 00:48:22]} {[%emt 00:00:14]} 18. Qf3 {[%clk 00:59:32]}
{[%emt 00:00:31]} Qa5+ {[%clk 00:48:15]} {[%emt 00:00:23]} 19. Bd2 {[%clk
00:59:26]} {[%emt 00:00:21]} b4 {[%clk 00:48:02]} {[%emt 00:00:28]} 20. a3
{[%clk 00:59:26]} {[%emt 00:00:10]} Qxe5 {[%clk 00:47:59]} {[%emt 00:00:23]}
21. axb4 {[%clk 00:59:24]} {[%emt 00:00:14]} Qxb2 {[%clk 00:47:12]} {[%emt
00:01:04]} 22. Rc1 {[%clk 00:59:15]} {[%emt 00:00:25]} Bxc2 {[%clk 00:46:54]}
{[%emt 00:00:32]} 23. Ke2 {[%clk 00:58:49]} {[%emt 00:00:42]} Qe5 {[%clk
00:46:13]} {[%emt 00:00:55]} 24. Rxc2 {[%clk 00:58:45]} {[%emt 00:00:19]} Qb5+
{[%clk 00:00:00]} {[%emt 00:01:07]} 25. Ke1 {[%clk 00:59:09]} {[%emt 00:00:23]}
Ra8 {[%clk 00:45:52]} {[%emt 00:00:50]} 26. hxg6 {[%clk 00:58:55]} {[%emt
00:00:27]} fxg6 {[%clk 00:45:40]} {[%emt 00:00:27]} 27. Qe4 {[%clk 00:58:53]}
{[%emt 00:00:17]} Ra1+ {[%clk 00:45:42]} {[%emt 00:00:14]} 28. Bc1 {[%emt
00:00:15]} c5 {[%clk 00:42:47]} {[%emt 00:03:09]} 29. Qe6+ {[%clk 00:58:53]}
{[%emt 00:00:14]} Rf7 {[%clk 00:42:32]} {[%emt 00:00:31]} 30. Qxg6 {[%clk
00:58:51]} {[%emt 00:00:16]} Qxb4+ {[%clk 00:42:35]} {[%emt 00:00:13]} 31. Kd1
{[%clk 00:58:27]} {[%emt 00:00:38]} e5 {[%clk 00:41:43]} {[%emt 00:01:10]} 32.
Rxh6 {[%clk 00:58:27]} {[%emt 00:00:10]} Rd7+ {[%clk 00:41:49]} {[%emt
00:00:13]} 33. Ke2 {[%clk 00:58:24]} {[%emt 00:00:18]} Qb5+ {[%clk 00:41:47]}
{[%emt 00:00:17]} 34. Ke1 {[%clk 00:58:17]} {[%emt 00:00:12]} Qa5+ {[%clk
00:41:10]} {[%emt 00:01:02]} 35. Ke2 {[%clk 00:58:23]} {[%emt 00:00:09]} Qa6+
{[%clk 00:40:19]} {[%emt 00:01:07]} 36. Ke1 {[%clk 00:58:23]} {[%emt 00:00:14]}
Qa5+ {[%clk 00:39:20]} {[%emt 00:01:14]} 37. Ke2 {[%clk 00:58:23]} {[%emt
00:00:16]} e4 {[%clk 00:35:00]} {[%emt 00:04:34]} 38. Rh7 {[%clk 00:58:28]}
{[%emt 00:00:08]} Rxc1 {[%clk 00:34:08]} {[%emt 00:01:09]} 39. Rb2 {[%clk
00:58:06]} {[%emt 00:00:37]} Qe1# {[%clk 00:34:06]} {[%emt 00:00:40]} 0-1